Statistics for Location of every TNA / Impact World Championship Win

Click here to take the quiz!

General Stats

  • This quiz has been taken 17 times
    (14 since last reset)
  • The average score is 14 of 21

Answer Stats

Answer% Correct
Auburn Hills
100%
Chicago
100%
Orlando
100%
Atlanta
92%
New York City
92%
London
83%
Nashville
83%
Philadelphia
83%
Phoenix
83%
Toronto
83%
Louisville
67%
San Diego
67%
San Antonio
58%
Daytona Beach
50%
Lowell
42%
Macon
42%
Windsor
42%
Norfolk
33%
Fayetteville
25%
Bethlehem
17%
Concord
17%

Score Distribution

Percentile by Number Answered

Percent of People with Each Score

Your Score History

You have not taken this quiz since the last reset